Mots commençant par "fer" - Statistiques

Statistiques générales
  • Ce quiz a été pris 681 fois
  • Le résultat moyen est 7 sur 14
Statistiques - réponses
Synonymes Mots mystères % Correct
Exploitation agricole Ferme
99%
Voiture italienne Ferrari
88%
Fécondité Fertilité
70%
Zip Fermeture éclair
67%
Engouement Ferveur
65%
Fête taurine Feria
59%
Chômé Férié
56%
Décomposition Fermentation
53%
Autorité Fermeté
53%
Brocanteur Ferrailleur
52%
Bail agricole Fermage
22%
Transporteur Ferry
21%
Chaudronnier Ferblantier
7%
Bâton Férule
3%
Aucun quiz correspondant
Distribution des résultats
% des personnes avec chaque résultat
Percentile par nombre de réponses
Votre historique - résultats
Vous n’avez pas pris ce quiz